Machuca

Enregistré dans:
Détails bibliographiques
Auteurs principaux: Brodsky, Roberto (Auteur), Hassan, Mamoun (Auteur), Wood, Andrés (Auteur)
Format: Livre
Langue:espagnol
Publié: Santiago Ediciones Universidad Mayor 2008
Santiago Ocho Libros Editores 2008
Édition:1a. ed
Collection:Guiones Cinematográficos Chilenos, 8
Sujets:
Tags: Ajouter un tag
Pas de tags, Soyez le premier à ajouter un tag!

MARC

LEADER 00000cam a2200000 a 4500
001 UCE7571
003 CL-VaPUC
008 150626e20080000cl |||||||||||||||||spa|d
020 |a 9789568018672 
082 0 4 |a 791.430983  |b BRO  |2 21 
100 0 |a Brodsky, Roberto  |e author  |9 580237 
700 0 |a Hassan, Mamoun  |e author  |9 580238 
700 0 |a Wood, Andrés  |e author  |9 580239 
245 1 0 |a Machuca 
250 |a 1a. ed 
300 |a 157 p 
942 |c BK 
945 |d 20150626 15:30:00  |a dcastane 
260 |a Santiago  |b Ediciones Universidad Mayor  |c 2008 
260 |a Santiago  |b Ocho Libros Editores  |c 2008 
650 0 |a Guiones cinematográficos   |9 266811 
650 0 |a Cine chileno  |9 265165 
583 |a last modification  |c 20150626 15:30:00  |k Rodrigo Vera 
490 0 |a Guiones Cinematográficos Chilenos, 8 
999 |c 359628  |d 359626 
952 |0 0  |1 0  |3 erb  |4 0  |6 791_430983000000000_BRO_2008_2008  |7 0  |8 A  |9 469018  |a FDOSRS  |b FDOSRS  |i 516494K  |o 791.430983 BRO 2008 2008  |p 516494K  |r 2025-03-13  |w 2019-11-23  |y BK  |z Catalogado en:20150626  |k SRS